[Event "DVM U14w 2012"]
[Site "Magdeburg GER"]
[Date "2012.12.28"]
[Round "3"]
[White "Hietala, Netta"]
[Black "Schütte, Lea"]
[Result "1-0"]
[Termination "normal"]
[Board "10.4"]
[WhiteElo "766"]
[BlackElo "798"]
[WhiteTeam "SK Langen"]
[BlackTeam "Hamburger SK von 1830"]
[WhiteFideId "12964743"]
[EventCountry "GER"]
[EventRounds "7"]
[EventType "team-swiss"]
[EventDate "2012.12.26"]

1. e4 e5 2. Nf3 Nc6 3. Nc3 Bc5 4. Bb5 Nf6 5. Bxc6 bxc6 6. Nxe5 O-O 7. d3 d6 8.
Nf3 Ng4 9. O-O d5 10. Bg5 Qd6 11. Bh4 Be6 12. h3 Ne3 13. fxe3 Bxe3+ 14. Bf2 Bf4
15. Re1 Rab8 16. b3 f5 17. Bxa7 Rb7 18. Be3 Bg3 19. Bf2 Bf4 20. a4 fxe4 21.
dxe4 Qd7 22. e5 Qe8 23. Ne2 Bh6 24. Ned4 Bxh3 25. Nh4 Be6 26. Nxe6 Qxe6 27. Be3
Rb4 28. Bc5 Rff4 29. Bxb4 Rxb4 30. c3 Rxh4 31. Ra2 Bf4 32. Qf3 Bh2+ 33. Kf1 Rf4
34. Rf2 Rxf3 35. Rxf3 Qg4 36. e6 Qg6 37. e7 Qe8 38. Rf8+ Qxf8+ 39. exf8=Q+ Kxf8
40. a5 d4 41. cxd4 c5 42. a6 cxd4 43. a7 d3 44. a8=Q+ Kf7 45. Qe8+ Kf6 46. Qf8+
Kg5 47. Re4 d2 48. Qxg7+ Kf5 49. Qxh7+ Kf6 50. Qh6+ Kf5 51. Qxd2 Kxe4 52. g4
Bf4 53. Qe2+ Kd4 54. g5 Bxg5 55. Qg4+ Kc3 56. Qxg5 Kxb3 57. Qc5 Kb2 58. Ke1 Kb3
59. Kd1 Kb2 60. Qc2+ Ka3 61. Qc4 Kb2 62. Qd3 c5 63. Qe3 c4 64. Kd2 c3+ 65.
Qxc3+ Ka2 66. Qb4 Ka1 67. Kc2 Ka2 68. Qb2# 1-0